00959nam a2200229 a 450000100100000000500170001000800410002704000250006804100250009308200150011810000300013324000520016324500800021526000430029530000270033853400610036570000340042604900090046095201190046995201240058899900170071200002587220200930024120.0110223s1976 txua r 000 0 spa d aDO-SdBNPbspacBNPHU17aspaheng2Español. aNNNbT238c1 aTaylor, Kenneth N.95272210aCreation and the hing school studentlEspañol10aLa creación /cKenneth N. Taylor ; versión castellana Roberto Ingledew. aEl Paso, Tex. :bMundo Hispano,c1976. a64 p. :bil. ;c18 cm. aTítulo original:tCreation and the hing school student1 aIngledew, Robertoetr.952723 aBNGR 001054708MOaGRbGRcCTd2011-02-23iLF1l0oNNN T238cp25872-10r2020-06-25w2020-06-25y4ZPréstamo en sala 001054728MOaGRbGRcCTd2011-02-23iLF1l0oNNN T238cp25872-20r2020-06-25te.2w2020-06-25y4ZPréstamo en sala c25364d25364